00450nam a22001577a 4500003000400000005001700004008004100021020001500062050002500077082002500102245006700127260004500194300001900239942001700258999001700275OSt20140311130135.0130531t xxu||||| |||| 00| 0 eng d a9710851764 aPE 1065 b.N433 1992 aFIL 428.2 bN34 1992 aNew english arts and skills fourth yearcNem Singh, Rosario P. aPhilippines bNational Book Storecc1992 a213 p.c22 cm 2lcccBKkFIL c35487d35487